The ring went zing ! : (Record no. 7520)

MARC details
000 -LEADER
fixed length control field 01032nam a22002777a 4500
001 - CONTROL NUMBER
control field 7520
003 - CONTROL NUMBER IDENTIFIER
control field FISKH
005 - DATE AND TIME OF LATEST TRANSACTION
control field 20250723095528.0
008 - FIXED-LENGTH DATA ELEMENTS--GENERAL INFORMATION
fixed length control field 250723b cb ||||| |||| 00| 0 eng d
020 ## - INTERNATIONAL STANDARD BOOK NUMBER
International Standard Book Number 9780803733114
040 ## - CATALOGING SOURCE
Original cataloging agency FISKH
Language of cataloging eng
Transcribing agency FISKH
Modifying agency FISKH
050 ## - LIBRARY OF CONGRESS CALL NUMBER
Classification number PZ7.T21783 R
082 ## - DEWEY DECIMAL CLASSIFICATION NUMBER
Classification number 419
100 ## - MAIN ENTRY--PERSONAL NAME
Personal name Taylor, Sean
245 ## - TITLE STATEMENT
Title The ring went zing ! :
Remainder of title A story that ends with a kiss /
Statement of responsibility, etc. Sean Taylor ; Illustrated by Jill Barton
260 ## - PUBLICATION, DISTRIBUTION, ETC.
Place of publication, distribution, etc. New York :
Name of publisher, distributor, etc. Penguin Group,
Date of publication, distribution, etc. 2010.
300 ## - PHYSICAL DESCRIPTION
Extent 36 unnumbered pages :
Other physical details color illustrations ;
Dimensions 30 cm
505 ## - FORMATTED CONTENTS NOTE
Formatted contents note E<br/>
520 ## - SUMMARY, ETC.
Summary, etc. A frog, in love with a chicken, buys her a golden ring, but when the ring falls and skips away, they begin to chase after it, joined along the way by a jogging swan, a motorcycling sausage dog, and other helpful creatures.
521 8# - TARGET AUDIENCE NOTE
Target audience note 160<br/>
Source Lexile estimate <br/>
521 8# - TARGET AUDIENCE NOTE
Target audience note E<br/>
Source Raz-Plus<br/>
650 ## - SUBJECT ADDED ENTRY--TOPICAL TERM
Topical term or geographic name entry element Diversity
Form subdivision Friendship
General subdivision Humor
650 ## - SUBJECT ADDED ENTRY--TOPICAL TERM
Topical term or geographic name entry element Perseverance
Form subdivision Picture Book
942 ## - ADDED ENTRY ELEMENTS (KOHA)
Source of classification or shelving scheme Dewey Decimal Classification
Koha item type Books
Suppress in OPAC No
Holdings
Withdrawn status Lost status Source of classification or shelving scheme Damaged status Not for loan Collection Home library Current library Shelving location Date acquired Total Checkouts Full call number Barcode Date last seen Date last checked out Copy number Price effective from Koha item type
    Dewey Decimal Classification     Juvenile Fiction Footprints International School Library Network Toul Kork Campus Footprints International School Library Network Toul Kork Campus TK Primary Library Room(4th Floor), Bookcase 7, Shelves 57-60, Dark Green Books 07/23/2025 1 TAY 419 PZ7.T21783 R FISTK02402 01/14/2026 11/11/2025 1 07/23/2025 Books
    Dewey Decimal Classification     Juvenile Fiction Footprints International School Library Network Toul Tom Poung Campus Footprints International School Library Network Toul Tom Poung Campus TTP Primary Green Bookshelves 07/30/2025   TAY 419 PZ7.T21783 R FIS03336 07/30/2025   2 07/30/2025 Books